|
|
|
|
| LEADER |
00000nab a2200000 a 4500 |
| 001 |
vtls000317727 |
| 003 |
SK-MaSNL |
| 005 |
20260303175926.0 |
| 008 |
230223c1978 xo 0 slo |
| 015 |
|
|
|a SNBRB19rr/mm-uuuuu
|
| 035 |
|
|
|a CL0007819
|
| 035 |
|
|
|a urn:nbn:sk:snk-ab6nvt
|
| 035 |
|
|
|a (uuid)e01bfac5-551f-4760-9b2c-1d399af6fa40
|
| 035 |
|
|
|a (urnnbn)urn:nbn:sk:snk:ar-005nwy
|
| 035 |
|
|
|a (sysno)vtls000317727
|
| 040 |
|
|
|a SNKBUCL
|b slo
|c SNKBUCL
|e AACR2
|
| 041 |
0 |
|
|a slo
|
| 044 |
|
|
|a xo
|c SK
|
| 080 |
|
|
|a 82(091):894.34"19":92
|2 1981
|
| 080 |
|
|
|a 894.34"19"
|2 1981
|
| 080 |
|
|
|a 894.34(091)"19"
|2 1981
|
| 080 |
|
|
|a 92 Sanbajev, Satimžan
|2 1981
|
| 100 |
1 |
|
|a Eliáš, Anton,
|d 1950-
|4 aut
|9 110289
|
| 245 |
1 |
0 |
|a Sovremennuju sovetskuju literaturu..
|c Anton Eliáš
|
| 500 |
|
|
|a V rubrike Interview Ruštinára.
|
| 600 |
1 |
7 |
|a Sanbajev, Satimžan
|2 snkbucl
|9 573609
|
| 650 |
0 |
7 |
|a sovietska literatúra
|2 snkbucl
|9 22300
|
| 650 |
0 |
7 |
|a sovietski kazašskí spisovatelia
|2 snkbucl
|9 1205114
|
| 655 |
|
7 |
|a články z novín a časopisov
|2 snkbucl
|9 267496
|
| 655 |
|
7 |
|a články z odboru literárna veda a krásna literatúra
|2 snkbucl
|9 770045
|
| 773 |
0 |
|
|t Ruštinár
|g Roč. 13/26/, č. 3 (1978), s. 26-27
|
| 850 |
|
|
|a Slovenská národná knižnica v Martine
|a MTA001
|
| 852 |
|
|
|a SNK
|b KIS3GCP
|
| 954 |
|
|
|a odborná, vedecká literatúra pôvodná (slovenská)
|2 lita
|
| 958 |
|
|
|a RK
|
| 958 |
|
|
|a LX
|
| 958 |
|
|
|a OND
|
| 958 |
|
|
|a EUIPO
|
| 958 |
|
|
|a article27
|
| 992 |
|
|
|a RBX
|
| 999 |
|
|
|c 2103960
|d 2105890
|